00623nam a22002057a 450000500170000000800410001702000180005804000070007604100120008308200180009510000160011324500340012926000670016330000280023036500570025865000290031565000320034470000220037670000190039820260408112506.0260408b |||||||| |||| 00| 0 eng d a9789339220686 cAL aEnglish a621.319bCHUL aLeon O Chua aLinear and nonlinear circuits aNew DelhibMcGraw Hill Education (India) Private Limitedc2015 axxi,842p.bPBc23x15cm. aVBI-2645b₹746.25c₹d₹995.00e25%f20-02-2026 aElectric Circuits Linear aElectric Circuits Nonlinear aDesoer, Charles A aKush, Ernest S